|
|
|
|
| LEADER |
00721cam a2200205 a 4500 |
| 001 |
0000029335 |
| 005 |
20151009090000.0 |
| 040 |
|
|
|a mod
|
| 041 |
|
|
|a eng
|
| 020 |
0 |
0 |
|a 0340228075
|
| 090 |
0 |
0 |
|a 940.5472
|b PAD
|e 1978
|
| 245 |
0 |
0 |
|a Padre in Colditz
|b the diary of J. Ellison Platt
|c edited by Margaret Duggan
|
| 260 |
0 |
0 |
|a London
|b Hodder and Stoughton
|c 1978
|
| 300 |
0 |
0 |
|a 318 p.
|c 22 cm
|
| 600 |
1 |
0 |
|a Platt
|h Joseph Allison
|y 1900-1973
|x Diaries
|
| 650 |
0 |
0 |
|a World War, 1939-1945
|x Prisoners and prisons, German
|
| 651 |
0 |
0 |
|a Schloss Colditz (Colditz, Germany)
|
| 852 |
0 |
0 |
|a 01
|
| 999 |
|
|
|a 0037360
|b KEMENTAH
|d BOOKS
|e Umum
|f Perpustakaan KEMENTAH
|j WEEDED
|q OLD
|
| 999 |
|
|
|a 0037361
|b KEMENTAH
|d BOOKS
|e Rujukan
|f Perpustakaan KEMENTAH
|j AVAILABLE
|q OLD
|